Graduate and postgraduate opportunities ...
| Other Authors: | |
|---|---|
| Format: | Serial |
| Language: | English Slovak |
| PhysicalDescription: | zv. tab. 21 cm |
| Published: |
Ružomberok
Catholic University, Faculty of Education
Ružomberok Verbum |
| ISBN: | 9788080845940 (brož. : 2010/2011) 9788080847760 (brož. : 2011/2012) 9788080849184 (brož. : 2012/2013) |
| Subjects: |
MARC
| LEADER | 00000cas a2200000 a 4500 | ||
|---|---|---|---|
| 001 | vtls010440071 | ||
| 003 | SK-MaSNL | ||
| 005 | 20260228160348.0 | ||
| 008 | 120802c200u9999xo ar | 000 b0eng c | ||
| 020 | |a 9788080845940 (brož. : 2010/2011) | ||
| 020 | |a 9788080847760 (brož. : 2011/2012) | ||
| 020 | |a 9788080849184 (brož. : 2012/2013) | ||
| 040 | |a KURUK |b slo |c KURUK |d SNK |e AACR2 | ||
| 041 | 1 | |a eng |h slo | |
| 043 | |a e-xo--- | ||
| 044 | |a xo |c SK | ||
| 072 | 7 | |a 378 |x Vysoké školy |2 konspekt | |
| 080 | |a 378 |2 2001 | ||
| 080 | |a (437.6) |2 2001 | ||
| 080 | |a 378.046.4 |2 2001 | ||
| 080 | |a (036) |2 2001 | ||
| 080 | |a 378.14 |2 2001 | ||
| 245 | 0 | 0 | |a Graduate and postgraduate opportunities ... |
| 260 | |a Ružomberok |b Catholic University, Faculty of Education | ||
| 260 | 2 | |3 [2010]- |a Ružomberok |b Verbum | |
| 300 | |a zv. |b tab. |c 21 cm | ||
| 500 | |a Editor: 2010/2011, Amantius Akimjak ; | ||
| 500 | |a Súčasťou názvu je označenie akademického roku | ||
| 610 | 2 | 7 | |a Katolícka univerzita v Ružomberku. |b Pedagogická fakulta |2 SNKKA |9 121812 |
| 650 | 0 | 7 | |a vysoké školy |2 SNKPH |9 1277 |
| 650 | 0 | 7 | |a postgraduálne štúdium |2 SNKPH |9 69091 |
| 650 | 0 | 7 | |a vysokoškolské štúdium |2 SNKPH |9 4044 |
| 651 | 7 | |a Ružomberok (Slovensko) |2 SNKPH |9 24370 | |
| 655 | 7 | |a informačné publikácie |2 SNKPH |9 70181 | |
| 700 | 1 | |a Akimjak, Amantius, |d 1961- |4 edt |9 112858 | |
| 910 | |a snk | ||
| 910 | |a kuruk | ||
| 919 | |a 978-80-8084-594-0 | ||
| 919 | |a 978-80-8084-776-0 | ||
| 919 | |a 978-80-8084-918-4 | ||
| 999 | |c 2263 |d 4193 | ||
| 952 | |0 0 |1 0 |4 0 |7 1 |8 0 |a SNK |b SNK |d 2013-03-22 |i snk2013/6921 |l 0 |o snkČSC 3503/2010-2011 |p 17A0867896 |r 2026-02-21 20:24:06 |w 2026-02-21 |y NEVYP | ||
| 952 | |0 0 |1 0 |4 0 |7 1 |8 0 |a SNK |b SNK |d 2013-03-22 |i snk2013/6922 |l 0 |o snkČSC 3503/2010-2011 D1 |p 17A0867897 |r 2026-02-21 20:24:06 |w 2026-02-21 |y NEVYP | ||
| 952 | |0 0 |1 0 |4 0 |7 1 |8 0 |a SNK |b SNK |d 2013-03-22 |i snk2013/6923 |l 0 |o snkČSC 3503/2011-2012 |p 17A0867898 |r 2026-02-21 20:24:06 |w 2026-02-21 |y NEVYP | ||
| 952 | |0 0 |1 0 |4 0 |7 1 |8 0 |a SNK |b SNK |d 2013-03-22 |i snk2013/6924 |l 0 |o snkČSC 3503/2011-2012 D1 |p 17A0867899 |r 2026-02-21 20:24:06 |w 2026-02-21 |y NEVYP | ||
| 952 | |0 0 |1 0 |4 0 |7 1 |8 0 |a SNK |b SNK |d 2013-03-22 |i snk2013/6926 |l 0 |o snkČSC 3503/2012-2013 |p 17A0867900 |r 2026-02-21 20:24:06 |w 2026-02-21 |y NEVYP | ||
| 952 | |0 0 |1 0 |4 0 |7 1 |8 0 |a SNK |b SNK |d 2013-03-22 |i snk2013/6927 |l 0 |o snkČSC 3503/2012-2013 D1 |p 17A0867901 |r 2026-02-21 20:24:06 |w 2026-02-21 |y NEVYP | ||


